Minorias y marginalidad en Estados Unidos y Latinoamérica

Saved in:
Bibliographic Details
Corporate Authors: Asociación Chilena de Estudios Norteamericanos (Author), ACHEN (Author)
Format: Book
Language:Spanish
Published: Santiago ACHEN 1992
Subjects:
Tags: Add Tag
No Tags, Be the first to tag this record!

MARC

LEADER 00000nam a2200000 a 4500
001 UCX9305
003 CL-VaPUC
005 20220315074410.0
008 940531e19920000cl 1 spa d
082 0 4 |a 809  |b ASO  |2 21 
110 2 |a Asociación Chilena de Estudios Norteamericanos  |e author  |9 616979 
710 2 |a ACHEN  |e author  |9 616980 
245 1 0 |a Minorias y marginalidad en Estados Unidos y Latinoamérica 
260 |a Santiago  |b ACHEN  |c 1992 
300 |a 435 p 
583 |a last modification  |c 19940531 00:00:00  |k Rodrigo Vera 
650 0 0 |a Literatura  |9 259151 
650 0 0 |a Congresos  |9 257560 
942 |c BK 
945 |a rbrito  |d 19940531 00:00:00 
546 |a En Español 
536 |a ACHEN 
518 |p Congreso Asociación Chilena de Estudios Norteamericanos, 4, Valdivia, 1991 
999 |c 382222  |d 382220 
952 |0 0  |1 0  |4 0  |6 809_000000000000000_ASO_1992  |7 0  |8 A  |9 503796  |a BIBEDU  |b BIBEDU  |d 2020-01-23  |i 296631K  |o 809 ASO 1992  |p 296631K  |r 2020-01-23  |w 2020-01-23  |y BK  |k LIT